[Event "1516LLO"]
[Site "Mecklenburg-Vorpommern"]
[Date "2015.10.11"]
[Round "2.6"]
[White "Hochgraefe, Hans Juergen"]
[Black "Klotzsche, Stefan"]
[Result "1/2-1/2"]
[WhiteElo "1751"]
[BlackElo "1745"]
[PlyCount "106"]
[EventType "team-tourn"]
[EventRounds "9"]
[EventCountry "GER"]
[SourceDate "2015.09.20"]
[WhiteTeam "SSC Rostock 07 III"]
[BlackTeam "SV Motor Wolgast"]
[WhiteTeamCountry "GER"]
[BlackTeamCountry "GER"]

1. d4 Nf6 2. Nf3 g6 3. Bg5 Bg7 4. Nbd2 d6 5. c3 O-O 6. e4 Bg4 7. Qc2 c5 8. dxc5
dxc5 9. Bc4 Nc6 10. h3 Bxf3 11. Nxf3 Qc7 12. O-O Nd7 13. Rad1 Nde5 14. Be2 Rab8
15. Nxe5 Nxe5 16. f4 Nc6 17. Bg4 h5 18. Be2 b5 19. e5 Nd8 20. Qe4 c4 21. g4
hxg4 22. Bxg4 Ne6 23. Bxe6 Qb6+ 24. Kh2 Qxe6 25. Qd5 Qxd5 26. Rxd5 f6 27. exf6
exf6 28. Bh4 b4 29. f5 gxf5 30. Rdxf5 bxc3 31. bxc3 Rb2+ 32. R1f2 Rfb8 33. R5f4
Kf7 34. Rxc4 Rxf2+ 35. Bxf2 Rb2 36. Kg3 Rxa2 37. Rc7+ Kg6 38. Rxa7 Rc2 39. Bd4
Rc1 40. h4 Bh6 41. Ra6 Bg7 42. Kg4 Rf1 43. c4 Kf7 44. Be3 f5+ 45. Kg3 Be5+ 46.
Kg2 Rb1 47. Ra2 Rb3 48. Bf2 Rc3 49. c5 Rc4 50. h5 Rg4+ 51. Kf1 Rg8 52. Ra6 Rh8
53. h6 Bf4 1/2-1/2

[Event "1516LLO"]
[Site "Mecklenburg-Vorpommern"]
[Date "2015.10.11"]
[Round "2.8"]
[White "Bardosch, Karl"]
[Black "Tarasow, Alexey"]
[Result "0-1"]
[WhiteElo "1712"]
[BlackElo "1741"]
[PlyCount "102"]
[EventType "team-tourn"]
[EventRounds "9"]
[EventCountry "GER"]
[SourceDate "2015.09.20"]
[WhiteTeam "SSC Rostock 07 III"]
[BlackTeam "SV Motor Wolgast"]
[WhiteTeamCountry "GER"]
[BlackTeamCountry "GER"]

1. e4 c5 2. Nc3 Nc6 3. g3 e5 4. Bg2 d6 5. d3 g6 6. Nge2 Bg7 7. Nd5 h6 8. O-O
Nge7 9. Nec3 Nxd5 10. Nxd5 Be6 11. c3 O-O 12. f4 exf4 13. gxf4 Bxd5 14. exd5
Ne7 15. Qg4 Qc8 16. Qxc8 Raxc8 17. Bd2 Rfe8 18. Rae1 Kf8 19. Re2 Ng8 20. Rfe1
Nf6 21. Bf3 Rxe2 22. Rxe2 Re8 23. Kf2 Rxe2+ 24. Kxe2 Ke7 25. Be3 Nd7 26. Kd2 f5
27. h4 Bf6 28. Bf2 g5 29. hxg5 hxg5 30. fxg5 Bxg5+ 31. Be3 Kf6 32. Bxg5+ Kxg5
33. Ke3 Ne5 34. Be2 Ng4+ 35. Kf3 Nf6 36. c4 f4 37. a3 Kf5 38. Bf1 Nh5 39. Bh3+
Ke5 40. Be6 Ng3 41. Bg4 Nf1 42. Ke2 Ne3 43. Bh5 Nf5 44. Bg4 Nd4+ 45. Kf2 Nb3
46. Ke2 Nd4+ 47. Kf2 Nc2 48. Bh5 a5 49. Bg6 Ne3 50. Ke2 Kd4 51. Be4 Nxc4 0-1

[Event "1516LLO"]
[Site "Mecklenburg-Vorpommern"]
[Date "2015.10.11"]
[Round "2.1"]
[White "Burwitz, Joerg"]
[Black "Bugdahl, Felix"]
[Result "1/2-1/2"]
[WhiteElo "1743"]
[BlackElo "1781"]
[PlyCount "95"]
[EventType "team-tourn"]
[EventRounds "9"]
[EventCountry "GER"]
[SourceDate "2015.09.20"]
[WhiteTeam "SV Rugia Bergen"]
[BlackTeam "SG Neubrandenburg II"]
[WhiteTeamCountry "GER"]
[BlackTeamCountry "GER"]

1. d4 Nf6 2. Nf3 g6 3. c4 Bg7 4. Nc3 d5 5. cxd5 Nxd5 6. Bd2 c5 7. e3 O-O 8. Be2
Nc6 9. dxc5 Nxc3 10. Bxc3 Bxc3+ 11. bxc3 Qa5 12. O-O Qxc5 13. Qb3 b6 14. Nd4
Bb7 15. Nxc6 Bxc6 16. Qc4 Qxc4 17. Bxc4 Rac8 18. Bb3 Rc7 19. c4 Rfc8 20. Rfd1
Bb7 21. Rd2 Ba6 22. Kf1 Bxc4+ 23. Bxc4 Rxc4 24. Ke2 Rc2 25. Rad1 f6 26. Kf3 Kf7
27. a4 Rxd2 28. Rxd2 Ke6 29. Rd4 a6 30. Rb4 Rb8 31. Ke2 Kd6 32. f4 b5 33. axb5
axb5 34. Kd3 Kc5 35. Rd4 Rb7 36. Kc3 b4+ 37. Kb3 f5 38. Rc4+ Kd6 39. Rd4+ Ke6
40. Rxb4 Rxb4+ 41. Kxb4 Kd5 42. Kc3 Ke4 43. Kd2 e6 44. Ke2 h6 45. h4 e5 46.
fxe5 Kxe5 47. Kf3 h5 48. g3 1/2-1/2

[Event "1516LLO"]
[Site "Mecklenburg-Vorpommern"]
[Date "2015.10.11"]
[Round "2.2"]
[White "Hartung, Lothar"]
[Black "Pawlick, Helmut"]
[Result "1-0"]
[WhiteElo "1741"]
[BlackElo "1798"]
[PlyCount "65"]
[EventType "team-tourn"]
[EventRounds "9"]
[EventCountry "GER"]
[SourceDate "2015.09.20"]
[WhiteTeam "SG Neubrandenburg II"]
[BlackTeam "SV Rugia Bergen"]
[WhiteTeamCountry "GER"]
[BlackTeamCountry "GER"]

1. d4 Nf6 2. e3 c5 3. Nf3 cxd4 4. exd4 g6 5. Bd3 Bg7 6. c3 O-O 7. O-O d5 8.
Nbd2 Nc6 9. Re1 Qc7 10. Nf1 Re8 11. Bb5 Bg4 12. h3 Bxf3 13. Qxf3 a6 14. Ba4 Qa5
15. Bxc6 bxc6 16. Nd2 Qb6 17. Nb3 Ne4 18. Be3 a5 19. Rab1 a4 20. Nd2 Nxd2 21.
Bxd2 Qb5 22. Qe2 Qb8 23. Be3 e5 24. dxe5 Qxe5 25. Qd2 Qf5 26. Bd4 Re6 27. Bxg7
Kxg7 28. Rbd1 c5 29. Rxe6 fxe6 30. Qe3 c4 31. Re1 Rb8 32. g4 Qf7 33. Qe5+ 1-0

[Event "1516LLO"]
[Site "Mecklenburg-Vorpommern"]
[Date "2015.10.11"]
[Round "2.3"]
[White "Pawlowicz, Karsten"]
[Black "Meyer, Detlef"]
[Result "1/2-1/2"]
[WhiteElo "1619"]
[BlackElo "1775"]
[PlyCount "110"]
[EventType "team-tourn"]
[EventRounds "9"]
[EventCountry "GER"]
[SourceDate "2015.09.20"]
[WhiteTeam "SV Rugia Bergen"]
[BlackTeam "SG Neubrandenburg II"]
[WhiteTeamCountry "GER"]
[BlackTeamCountry "GER"]

1. e4 e6 2. d4 d5 3. exd5 exd5 4. c3 Nf6 5. Bg5 Be7 6. Bd3 h6 7. Bxf6 Bxf6 8.
Ne2 O-O 9. O-O Bg4 10. Qb3 Qd6 11. Qxb7 Nd7 12. Qb3 c5 13. Qc2 Bxe2 14. Qxe2
cxd4 15. cxd4 Bxd4 16. Nc3 Bxc3 17. bxc3 Rfe8 18. Qd2 Nf6 19. a4 Re7 20. h3 Rc8
21. Rfb1 Kf8 22. Rb3 Rec7 23. Bf5 Rd8 24. Bd3 Nd7 25. a5 Rdc8 26. Bf5 Nc5 27.
Rb5 Rd8 28. Qd4 Ne6 29. Bxe6 fxe6 30. Rab1 e5 31. Qe3 Re7 32. Rb7 d4 33. cxd4
exd4 34. Qf3+ Qf6 35. Qxf6+ gxf6 36. Rxe7 Kxe7 37. Kf1 d3 38. Ke1 d2+ 39. Kd1
Ke6 40. Rb7 a6 41. Rh7 Rd5 42. Rxh6 Rxa5 43. Kxd2 Rf5 44. f3 a5 45. Rh4 Kd5 46.
Kc3 Kc5 47. Kb3 Kb5 48. Re4 Rd5 49. Rf4 Rd3+ 50. Kc2 Rd6 51. h4 a4 52. g4 Rc6+
53. Kb2 Rd6 54. Re4 Rd2+ 55. Kc3 Rf2 1/2-1/2

[Event "1516LLO"]
[Site "Mecklenburg-Vorpommern"]
[Date "2015.10.11"]
[Round "2.4"]
[White "Rehbein, Hans Juergen"]
[Black "Tabbert, Dirk"]
[Result "1-0"]
[WhiteElo "1688"]
[BlackElo "1602"]
[PlyCount "119"]
[EventType "team-tourn"]
[EventRounds "9"]
[EventCountry "GER"]
[SourceDate "2015.09.20"]
[WhiteTeam "SG Neubrandenburg II"]
[BlackTeam "SV Rugia Bergen"]
[WhiteTeamCountry "GER"]
[BlackTeamCountry "GER"]

1. Nf3 f5 2. b3 Nf6 3. Bb2 e6 4. g3 Be7 5. Bg2 O-O 6. d3 Nc6 7. Nbd2 d6 8. O-O
Bd7 9. Re1 e5 10. e4 fxe4 11. dxe4 Bg4 12. h3 Bh5 13. Qc1 Qd7 14. Nh2 Rae8 15.
c3 h6 16. b4 Nh7 17. Qc2 Ng5 18. g4 Bf7 19. Qa4 Be6 20. b5 Nb8 21. Qxa7 Qxb5
22. Bc1 Qa6 23. Qxa6 Nxa6 24. Nb3 b6 25. Be3 Bc4 26. Bxg5 Bxg5 27. Nf3 Bf4 28.
Bf1 Bxf1 29. Rxf1 Ra8 30. Nh4 Kh7 31. Nf5 g6 32. Ne7 Bg5 33. Nd5 Rf3 34. Kg2
Raf8 35. Ne3 Bxe3 36. fxe3 Rxf1 37. Rxf1 Rxf1 38. Kxf1 Nc5 39. Nd2 Kg7 40. Ke2
Kf6 41. Kf3 Nd3 42. a3 Ne1+ 43. Kf2 Nc2 44. a4 Kg5 45. Nf3+ Kf6 46. Nd2 Na3 47.
h4 Ke6 48. c4 Kd7 49. Ke2 Kc6 50. Kd3 Kc5 51. Kc3 b5 52. axb5 Nxb5+ 53. cxb5
Kxb5 54. Nf1 c6 55. Ng3 Kc5 56. h5 gxh5 57. gxh5 d5 58. Nf5 dxe4 59. Nxh6 Kd6
60. Ng4 1-0

[Event "1516LLO"]
[Site "Mecklenburg-Vorpommern"]
[Date "2015.10.11"]
[Round "2.5"]
[White "Scheel, Manfred"]
[Black "Friedrich, Joerg"]
[Result "1-0"]
[WhiteElo "1592"]
[BlackElo "1619"]
[PlyCount "77"]
[EventType "team-tourn"]
[EventRounds "9"]
[EventCountry "GER"]
[SourceDate "2015.09.20"]
[WhiteTeam "SV Rugia Bergen"]
[BlackTeam "SG Neubrandenburg II"]
[WhiteTeamCountry "GER"]
[BlackTeamCountry "GER"]

1. e4 c5 2. Nf3 Nc6 3. d4 cxd4 4. Nxd4 e5 5. Nxc6 bxc6 6. Bd3 Bc5 7. O-O h6 8.
Qg4 g5 9. Qf3 Nf6 10. Be3 Be7 11. Nd2 d5 12. exd5 Bg4 13. Qg3 Bd6 14. Ne4 Nxe4
15. Qxg4 Nf6 16. Qa4 O-O 17. dxc6 Qc7 18. Be4 Nxe4 19. Qxe4 f5 20. Qd5+ Rf7 21.
Rad1 Rd8 22. Bc5 Be7 23. Qc4 Qxc6 24. Rxd8+ Bxd8 25. Rd1 Bb6 26. b4 Bxc5 27.
bxc5 Kg7 28. Rd6 Qc8 29. Qd5 e4 30. g3 Qe8 31. c6 e3 32. Qd4+ Kh7 33. fxe3 Qb8
34. Qd3 Qb1+ 35. Kg2 Qxa2 36. Rd7 Kg6 37. Rxf7 Qxf7 38. g4 Kg7 39. Qd7 1-0

[Event "1516LLO"]
[Site "Mecklenburg-Vorpommern"]
[Date "2015.10.11"]
[Round "2.6"]
[White "Sommer, Hans Hermann"]
[Black "Behrens, Christoph"]
[Result "0-1"]
[WhiteElo "1666"]
[BlackElo "1652"]
[PlyCount "82"]
[EventType "team-tourn"]
[EventRounds "9"]
[EventCountry "GER"]
[SourceDate "2015.09.20"]
[WhiteTeam "SG Neubrandenburg II"]
[BlackTeam "SV Rugia Bergen"]
[WhiteTeamCountry "GER"]
[BlackTeamCountry "GER"]

1. e4 e5 2. d4 exd4 3. Qxd4 Nc6 4. Qe3 g6 5. Bd2 Bg7 6. Bc3 Bxc3+ 7. Nxc3 h6 8.
h4 d6 9. O-O-O Be6 10. f4 Qd7 11. Qd3 O-O-O 12. Nd5 Qe8 13. Qc3 f6 14. Bb5 Bd7
15. Re1 Qf7 16. Nf3 Nge7 17. Bc4 Be6 18. Nd4 Nxd5 19. exd5 Bxd5 20. Nxc6 bxc6
21. Ba6+ Kd7 22. b3 Rhe8 23. Be2 Re4 24. h5 Rde8 25. hxg6 Qxg6 26. Bf3 Rxe1+
27. Rxe1 Rxe1+ 28. Qxe1 Bxf3 29. gxf3 Qg2 30. Qe4 Qg7 31. f5 Qg8 32. Kb2 Qd5
33. Qg4 Qe5+ 34. Kb1 Qe3 35. Qg7+ Kc8 36. Qg8+ Kb7 37. Qe6 Qxe6 38. fxe6 Kc8
39. f4 f5 40. c4 h5 41. Kc1 h4 0-1

[Event "1516LLO"]
[Site "Mecklenburg-Vorpommern"]
[Date "2015.10.11"]
[Round "2.7"]
[White "Krawelitzki, Gerhard"]
[Black "Marzisch, Darius"]
[Result "0-1"]
[WhiteElo "1534"]
[BlackElo "1336"]
[PlyCount "136"]
[EventType "team-tourn"]
[EventRounds "9"]
[EventCountry "GER"]
[SourceDate "2015.09.20"]
[WhiteTeam "SV Rugia Bergen"]
[BlackTeam "SG Neubrandenburg II"]
[WhiteTeamCountry "GER"]
[BlackTeamCountry "GER"]

1. e4 e5 2. Nc3 Nf6 3. d3 Nc6 4. Nf3 d6 5. Be2 Be7 6. O-O O-O 7. a3 Be6 8. Bd2
d5 9. exd5 Nxd5 10. Ne4 f5 11. Ng3 Bd6 12. c4 Nf6 13. Bc3 Ne7 14. b4 b6 15. Qc1
h6 16. Rd1 Nd7 17. Qb2 Ng6 18. Bd2 c5 19. b5 Qf6 20. Qc1 Rad8 21. a4 Nh8 22. a5
Ra8 23. axb6 axb6 24. Rxa8 Rxa8 25. Qb2 g5 26. Ra1 Rxa1+ 27. Qxa1 Ng6 28. Qa8+
Qf8 29. Qa1 Qb8 30. Ne1 Qb7 31. Bf3 Qc8 32. Bc6 Nb8 33. Bf3 Nd7 34. Nh5 f4 35.
Bc6 Nb8 36. Qa7 Qc7 37. Qa8 Kf7 38. g3 Nxc6 39. bxc6 Bg4 40. f3 Bxh5 41. g4
Bxg4 42. fxg4 Ne7 43. Qh8 Ng8 44. Qh7+ Kf8 45. Qf5+ Kg7 46. Qe4 Ne7 47. Nf3
Qxc6 48. h4 Qxe4 49. dxe4 Kf6 50. Kg2 Nc6 51. h5 Nd4 52. Bc3 Ke6 53. Kf2 Nxf3
54. Kxf3 Kd7 55. Be1 Kc6 56. Ke2 b5 57. Kd3 b4 58. Kc2 b3+ 59. Kxb3 Kb6 60. Ka4
f3 61. Bg3 Ka6 62. Bf2 Bc7 63. Be1 Ba5 64. Bf2 Bc3 65. Bxc5 Bd4 66. Bxd4 exd4
67. e5 f2 68. e6 f1=Q 0-1

[Event "1516LLO"]
[Site "Mecklenburg-Vorpommern"]
[Date "2015.10.11"]
[Round "2.8"]
[White "Lange, Ingo"]
[Black "Hessler, Tom"]
[Result "1-0"]
[WhiteElo "1720"]
[BlackElo "1274"]
[PlyCount "77"]
[EventType "team-tourn"]
[EventRounds "9"]
[EventCountry "GER"]
[SourceDate "2015.09.20"]
[WhiteTeam "SG Neubrandenburg II"]
[BlackTeam "SV Rugia Bergen"]
[WhiteTeamCountry "GER"]
[BlackTeamCountry "GER"]

1. d4 Nf6 2. Nf3 e6 3. Bf4 d5 4. e3 c5 5. c3 Nbd7 6. Bd3 Be7 7. Nbd2 O-O 8. h3
b6 9. O-O Bb7 10. Rc1 c4 11. Bb1 b5 12. a3 a5 13. Ne5 Nxe5 14. dxe5 Nd7 15. Qg4
g6 16. Nf3 Nc5 17. Rcd1 f5 18. exf6 Bxf6 19. h4 Qd7 20. h5 e5 21. Qxd7 Nxd7 22.
Bh6 Bg7 23. Bxg7 Kxg7 24. hxg6 hxg6 25. Ng5 Rh8 26. f4 Rh5 27. e4 Nb6 28. Ne6+
Kf6 29. Nc5 Bc6 30. exd5 Nxd5 31. fxe5+ Ke7 32. Bxg6 Rxe5 33. Rf5 Rxf5 34. Bxf5
Ne3 35. Re1 Kd6 36. Ne4+ Bxe4 37. Bxe4 Nd5 38. Rd1 Kc5 39. Rxd5+ 1-0

[Event "1516LLO"]
[Site "Mecklenburg-Vorpommern"]
[Date "2015.11.15"]
[Round "3.1"]
[White "Jeske, Holger"]
[Black "Manke, Karsten"]
[Result "1/2-1/2"]
[WhiteElo "1870"]
[BlackElo "1762"]
[PlyCount "66"]
[EventType "team-tourn"]
[EventRounds "9"]
[EventCountry "GER"]
[SourceDate "2015.09.20"]
[WhiteTeam "SSC Rostock 07 III"]
[BlackTeam "FHSG Stralsund II"]
[WhiteTeamCountry "GER"]
[BlackTeamCountry "GER"]

1. e4 c5 2. f4 d6 3. g3 Nf6 4. d3 g6 5. c3 Bg7 6. Bg2 Nc6 7. h3 e5 8. Ne2 Bd7
9. O-O O-O 10. Be3 h6 11. Qd2 Kh7 12. Na3 Qe7 13. Rf2 a6 14. Raf1 b5 15. Nc2
Rab8 16. b3 a5 17. g4 b4 18. g5 hxg5 19. fxe5 Qxe5 20. Bxg5 bxc3 21. Nxc3 Nh5
22. Rxf7 Be6 23. Rxf8 Rxf8 24. Rxf8 Bxf8 25. Nd1 Bg7 26. Be3 Qg3 27. Bf2 Qe5
28. Qe3 Bh6 29. Qf3 Bg7 30. Be3 Nd4 31. Nxd4 cxd4 32. Bd2 Qc5 33. Nf2 Qa3
1/2-1/2

[Event "1516LLO"]
[Site "Mecklenburg-Vorpommern"]
[Date "2015.11.15"]
[Round "3.2"]
[White "Paulowitz, Bernd Rainer"]
[Black "Maertin, Heinz"]
[Result "1/2-1/2"]
[WhiteElo "1887"]
[BlackElo "1732"]
[PlyCount "39"]
[EventType "team-tourn"]
[EventRounds "9"]
[EventCountry "GER"]
[SourceDate "2015.09.20"]
[WhiteTeam "FHSG Stralsund II"]
[BlackTeam "SSC Rostock 07 III"]
[WhiteTeamCountry "GER"]
[BlackTeamCountry "GER"]

1. d4 Nf6 2. c4 c5 3. d5 e5 4. Nc3 d6 5. e4 Be7 6. Be2 O-O 7. Be3 Ne8 8. g4 g6
9. Qd2 Na6 10. Bh6 Ng7 11. Nh3 Nc7 12. Qe3 a6 13. O-O Kh8 14. Kh1 Bd7 15. a4
Qc8 16. Rg1 b6 17. f3 Qe8 18. Nf2 f6 19. h4 Qf7 20. Kh2 1/2-1/2

[Event "1516LLO"]
[Site "Mecklenburg-Vorpommern"]
[Date "2015.11.15"]
[Round "3.3"]
[White "Moritz, Hartmut"]
[Black "Rickmann, Niklas"]
[Result "0-1"]
[WhiteElo "1852"]
[BlackElo "1686"]
[PlyCount "52"]
[EventType "team-tourn"]
[EventRounds "9"]
[EventCountry "GER"]
[SourceDate "2015.09.20"]
[WhiteTeam "SSC Rostock 07 III"]
[BlackTeam "FHSG Stralsund II"]
[WhiteTeamCountry "GER"]
[BlackTeamCountry "GER"]

1. e4 e6 2. d4 d5 3. e5 c5 4. c3 Nc6 5. Nf3 Qb6 6. a3 Bd7 7. b4 cxd4 8. cxd4
Nge7 9. Nc3 Nf5 10. Na4 Qc7 11. g4 Nfxd4 12. Nxd4 Qxe5+ 13. Be2 Nxd4 14. Be3
Nxe2 15. Kxe2 Bb5+ 16. Ke1 d4 17. Qxd4 Qxd4 18. Bxd4 Bxa4 19. Rc1 Bc6 20. Rf1
Bd6 21. f4 f6 22. Rd1 Ke7 23. h4 h6 24. Rf2 Rhd8 25. Ke2 Bb5+ 26. Ke3 e5 0-1

[Event "1516LLO"]
[Site "Mecklenburg-Vorpommern"]
[Date "2015.11.15"]
[Round "3.4"]
[White "Vlach, Michael"]
[Black "Menkhaus, Wolf Dieter"]
[Result "1/2-1/2"]
[WhiteElo "1613"]
[BlackElo "1828"]
[PlyCount "39"]
[EventType "team-tourn"]
[EventRounds "9"]
[EventCountry "GER"]
[SourceDate "2015.09.20"]
[WhiteTeam "FHSG Stralsund II"]
[BlackTeam "SSC Rostock 07 III"]
[WhiteTeamCountry "GER"]
[BlackTeamCountry "GER"]

1. Nf3 Nf6 2. d4 c5 3. d5 e6 4. c4 d6 5. Nc3 Be7 6. e4 Nbd7 7. Bd3 Ne5 8. Nxe5
dxe5 9. f4 Bd6 10. O-O a6 11. a4 exf4 12. Bxf4 Qc7 13. Qf3 O-O 14. Rae1 Bxf4
15. Qxf4 Qxf4 16. Rxf4 e5 17. Rf3 Ne8 18. Rb1 a5 19. b3 Bd7 20. h3 1/2-1/2

[Event "1516LLO"]
[Site "Mecklenburg-Vorpommern"]
[Date "2015.11.15"]
[Round "3.5"]
[White "Herde, Dittmar"]
[Black "Jabbusch, Burkhard"]
[Result "1-0"]
[WhiteElo "1814"]
[BlackElo "1688"]
[PlyCount "69"]
[EventType "team-tourn"]
[EventRounds "9"]
[EventCountry "GER"]
[SourceDate "2015.09.20"]
[WhiteTeam "SSC Rostock 07 III"]
[BlackTeam "FHSG Stralsund II"]
[WhiteTeamCountry "GER"]
[BlackTeamCountry "GER"]

1. d4 f5 2. c4 Nf6 3. Nc3 e6 4. Nf3 Be7 5. Qc2 O-O 6. e4 fxe4 7. Nxe4 Nxe4 8.
Qxe4 d5 9. Qc2 Nd7 10. Bd3 Nf6 11. O-O c6 12. Bg5 dxc4 13. Bxc4 Nd5 14. Bxe7
Qxe7 15. Ne5 Qg5 16. Rae1 Rf6 17. Re4 Rf4 18. Rfe1 Rxe4 19. Rxe4 Qe7 20. a3 Bd7
21. Nxd7 Qxd7 22. Rh4 Nf6 23. Qe2 Re8 24. h3 b6 25. Qe5 b5 26. Bb3 Nd5 27. Bc2
Nf6 28. g4 h6 29. g5 hxg5 30. Qxg5 Qd5 31. Qg6 Qd7 32. Rf4 Qf7 33. Rxf6 Qxg6+
34. Bxg6 Rd8 35. Rf4 1-0

[Event "1516LLO"]
[Site "Mecklenburg-Vorpommern"]
[Date "2015.11.15"]
[Round "3.6"]
[White "Klinger, Clemens"]
[Black "Hochgraefe, Hans Juergen"]
[Result "0-1"]
[WhiteElo "1550"]
[BlackElo "1751"]
[PlyCount "62"]
[EventType "team-tourn"]
[EventRounds "9"]
[EventCountry "GER"]
[SourceDate "2015.09.20"]
[WhiteTeam "FHSG Stralsund II"]
[BlackTeam "SSC Rostock 07 III"]
[WhiteTeamCountry "GER"]
[BlackTeamCountry "GER"]

1. e4 c5 2. f4 Nc6 3. Nf3 d6 4. d4 cxd4 5. Nxd4 Qb6 6. Nb3 Nf6 7. Nc3 e6 8. Bd2
Be7 9. Na4 Qc7 10. Bd3 a6 11. Be3 b5 12. Nc3 Bb7 13. Qe2 Nd7 14. f5 exf5 15.
exf5 O-O 16. Nd5 Qd8 17. Nxe7+ Qxe7 18. O-O-O Rfe8 19. Rhe1 Nce5 20. Bf4 Rac8 (
20... Nxd3+ 21. Qxd3 Qxe1 22. Rxe1 Rxe1+ 23. Kd2 Rae8 24. Qxd6 Nf6 $19) 21.
Bxe5 Nxe5 22. Kb1 Qf6 23. Qf2 Rc7 24. Nd2 Rce7 25. Be4 d5 26. Bd3 Kf8 27. Nf3
Nxd3 28. Rxd3 Qxf5 29. Qd2 Qxf3 30. Rxe7 Qf1+ 31. Qd1 Qxd1+ 0-1

[Event "1516LLO"]
[Site "Mecklenburg-Vorpommern"]
[Date "2015.11.15"]
[Round "3.7"]
[White "Raitza, Egon"]
[Black "Loesche, Richard"]
[Result "1-0"]
[WhiteElo "1688"]
[BlackElo "1572"]
[PlyCount "65"]
[EventType "team-tourn"]
[EventRounds "9"]
[EventCountry "GER"]
[SourceDate "2015.09.20"]
[WhiteTeam "SSC Rostock 07 III"]
[BlackTeam "FHSG Stralsund II"]
[WhiteTeamCountry "GER"]
[BlackTeamCountry "GER"]

1. d4 Nf6 2. c4 d5 3. cxd5 Nxd5 4. e4 Nf6 5. Nc3 e6 6. Nf3 Be7 7. Bd3 O-O 8.
O-O g6 9. h3 c5 10. Be3 cxd4 11. Bxd4 Nc6 12. Be3 e5 13. Bc4 Kg7 14. Qc1 Ng8
15. Rd1 Qe8 16. Nb5 Bd8 17. Bc5 Nd4 18. Nfxd4 exd4 19. Bxf8+ Qxf8 20. Qf4 g5
21. Qf3 Bf6 22. Nxd4 Qc5 23. Qd3 Ne7 24. Rac1 Qe5 25. Nb5 Ng6 26. Qd5 Qf4 27.
Qxf7+ Kh6 28. Nc3 Bxh3 29. Nd5 Qg4 30. Ne3 Qf4 31. gxh3 Rh8 32. Nf5+ Kh5 33.
Be2+ 1-0

[Event "1516LLO"]
[Site "Mecklenburg-Vorpommern"]
[Date "2015.11.15"]
[Round "3.8"]
[White "Isigkeit, Hans Juergen"]
[Black "Worm, Alfred"]
[Result "0-1"]
[WhiteElo "1530"]
[BlackElo "1673"]
[PlyCount "36"]
[EventType "team-tourn"]
[EventRounds "9"]
[EventCountry "GER"]
[SourceDate "2015.09.20"]
[WhiteTeam "FHSG Stralsund II"]
[BlackTeam "SSC Rostock 07 III"]
[WhiteTeamCountry "GER"]
[BlackTeamCountry "GER"]

1. d4 Nf6 2. c4 e5 3. dxe5 Ng4 4. Nf3 Nc6 5. Nc3 Bc5 6. e3 Ngxe5 7. Nxe5 Nxe5
8. a3 a5 9. Qd5 d6 10. Ne4 Be6 11. Qd1 Bb6 12. Qc2 f5 13. Ng3 O-O 14. b3 f4 15.
exf4 Ng4 16. Be3 Nxe3 17. fxe3 Bxe3 18. Qe4 Qf6 0-1

[Event "1516LLO"]
[Site "Mecklenburg-Vorpommern"]
[Date "2015.11.15"]
[Round "3.1"]
[White "Luethke, Hans Eckart"]
[Black "Windjaeger, Gerd"]
[Result "0-1"]
[WhiteElo "2122"]
[BlackElo "1939"]
[PlyCount "100"]
[EventType "team-tourn"]
[EventRounds "9"]
[EventCountry "GER"]
[SourceDate "2015.09.20"]
[WhiteTeam "SSC Graal-Mueritz"]
[BlackTeam "SV Gryps"]
[WhiteTeamCountry "GER"]
[BlackTeamCountry "GER"]

1. e4 e6 2. Nf3 d5 3. Nc3 d4 4. Ne2 c5 5. c3 Nc6 6. cxd4 cxd4 7. Qa4 Bc5 8. b4
Bxb4 9. Nexd4 Qa5 10. Bb5 Nge7 11. Rb1 Qxa4 12. Bxa4 Bd6 13. e5 Bc5 14. Nb3 Bb6
15. Ba3 Bd7 16. Nc5 Bxc5 17. Bxc5 b6 18. Bxc6 Bxc6 19. Ba3 Bxf3 20. gxf3 Rc8
21. Rg1 Nf5 22. Rg4 Kd7 23. Ra4 Rc7 24. Rb3 Rd8 25. Rc3 Rxc3 26. dxc3 a5 27.
Re4 b5 28. Bb2 Rb8 29. a4 bxa4 30. Bc1 Rb1 31. Kd2 Ra1 32. Kc2 Ra2+ 33. Kb1
Rxf2 34. Rxa4 Rxf3 35. Kc2 Ne7 36. Rxa5 Nc6 37. Rb5 Rf5 38. Rb7+ Kc8 39. Rb6
Nxe5 40. Kb3 g5 41. Ra6 g4 42. Ra8+ Kb7 43. Rh8 h5 44. Ba3 Kc6 45. Rc8+ Kd7 46.
Ra8 Nf3 47. c4 Nxh2 48. Kb4 g3 49. Rg8 Ng4 50. Bb2 e5 0-1

[Event "1516LLO"]
[Site "Mecklenburg-Vorpommern"]
[Date "2015.11.15"]
[Round "3.2"]
[White "Rogasch, Miriam"]
[Black "Van Bentum, Horst"]
[Result "1/2-1/2"]
[WhiteElo "1828"]
[BlackElo "1925"]
[PlyCount "108"]
[EventType "team-tourn"]
[EventRounds "9"]
[EventCountry "GER"]
[SourceDate "2015.09.20"]
[WhiteTeam "SV Gryps"]
[BlackTeam "SSC Graal-Mueritz"]
[WhiteTeamCountry "GER"]
[BlackTeamCountry "GER"]

1. e4 e5 2. Nf3 Nc6 3. Bb5 a6 4. Ba4 Nf6 5. O-O Be7 6. Re1 b5 7. Bb3 d6 8. h3
Na5 9. c3 Nxb3 10. axb3 Bb7 11. Qc2 O-O 12. d3 Nd7 13. b4 f5 14. Qb3+ Kh8 15.
exf5 Bxf3 16. gxf3 Rxf5 17. Nd2 Bg5 18. Qd5 Nb6 19. Qc6 Qd7 20. Qxd7 Nxd7 21.
Kg2 h6 22. Ne4 Bxc1 23. Rexc1 d5 24. Nd2 Nf6 25. c4 bxc4 26. dxc4 Rb8 27. Rxa6
Rxb4 28. b3 Nh5 29. cxd5 Nf4+ 30. Kf1 Nxd5 31. Rc5 Rd4 32. Ke1 Rh5 33. Ra8+ Kh7
34. Rd8 c6 35. Rxc6 Rxh3 36. Rcd6 Rh1+ 37. Nf1 Nb4 38. Ke2 Rhh4 39. Rxd4 Rxd4
40. Rxd4 exd4 41. f4 Kg6 42. Kf3 Kf5 43. Ng3+ Ke6 44. Ke4 d3 45. Ke3 g6 46. Kd2
h5 47. f5+ gxf5 48. Nxh5 Ke5 49. Kc3 Ke4 50. Ng3+ Kf3 51. Nxf5 Kxf2 52. Nd6
Na2+ 53. Kxd3 Nc1+ 54. Kc3 Nxb3 1/2-1/2

[Event "1516LLO"]
[Site "Mecklenburg-Vorpommern"]
[Date "2015.11.15"]
[Round "3.3"]
[White "Schulz, Wolf Detlef"]
[Black "Wagner, Swenja"]
[Result "1/2-1/2"]
[WhiteElo "1732"]
[BlackElo "1709"]
[Annotator "Springer,Guido"]
[PlyCount "110"]
[EventType "team-tourn"]
[EventRounds "9"]
[EventCountry "GER"]
[SourceDate "2015.09.20"]
[WhiteTeam "SSC Graal-Mueritz"]
[BlackTeam "SV Gryps"]
[WhiteTeamCountry "GER"]
[BlackTeamCountry "GER"]

1. e4 e5 2. Bc4 Nf6 3. d4 exd4 4. Nf3 Nc6 5. Bg5 Be7 6. O-O Nxe4 7. Bxe7 Nxe7
8. Qxd4 Nf6 9. Nc3 d5 10. Rad1 c6 11. Rfe1 O-O 12. Bd3 Bg4 13. Re3 Nf5 14. Bxf5
Bxf5 15. Re2 Bg4 16. Qf4 Qb6 17. b3 Qa5 18. b4 Qa3 19. Rd3 Rfe8 20. Ne4 Rxe4
21. Rxe4 Qxa2 22. Re1 Qxc2 23. Rde3 Be6 24. Ng5 Qf5 25. Qh4 Re8 26. Rf3 Qg6 27.
Qf4 Bd7 28. Rxe8+ Bxe8 29. h4 h6 30. Nh3 Kh7 31. Qf5 Qxf5 32. Rxf5 Bd7 33. Rf3
b6 34. Nf4 Ne4 35. Re3 g5 36. hxg5 hxg5 37. Ne2 f5 38. Ra3 c5 39. Rxa7 Nf6 40.
bxc5 bxc5 41. Nc3 Kg6 42. Kf1 Be6 43. Na4 c4 44. Ra6 Bg8 45. Ke2 f4 46. Nc3 {
Zugfolge beider Partieformulare: 46.Nc2?? g4 47.Nd4 Kg5} g4 47. Nb5 Kf5 48.
Nd4+ Kg5 49. Ra7 Kg6 50. Rc7 Bh7 51. Rc6 Kg5 52. Ne6+ Kf5 53. Ng7+ Kg5 54. Ne6+
Kf5 55. Ng7+ Kg5 1/2-1/2